000 00391 a2200109 4500
001 ART_26142
005 20260410161852.0
008 260409a
245 1 0 _aLa protección contra el despido arbitrario y la estabilidad en el empleo
100 1 _aDuarte, David
773 0 _tDerecho del trabajo
_gExtinción del contrato de trabajo - Año III, Nº 8 (jun. 2014)
_wREV10447
999 _c25145
_d25145